MARC details
| 000 -LÍDER |
| campo de controle de tamanho fixo |
01718naa a22003977a 4500 |
| 001 - NÚMERO DE CONTROLE |
| campo de controle |
BR8401875 |
| 003 - IDENTIFICADOR DO NÚMERO DE CONTROLE |
| campo de controle |
BR-BrBNA |
| 005 - DATA E HORÁRIO DA ÚLTIMA TRANSAÇÃO |
| campo de controle |
20250721154436.0 |
| 007 - CAMPO FIXO DE DESCRIÇÃO FÍSICA--INFORMAÇÃO GERAL |
| campo de controle de tamanho fixo |
ta |
| 008 - CAMPO DE DADOS FIXOS--INFORMAÇÃO GERAL |
| campo de controle de tamanho fixo |
250630b bl.|||m| |||| 00| 0 por d |
| 040 ## - FONTE DA CATALOGAÇÃO |
| Instituição da catalogação original |
BR-BrBNA |
| Idioma da catalogação |
por |
| Instituição que transcreveu o registro |
Biblioteca Nacional de Agricultura |
| 041 ## - CÓDIGO DE IDIOMA |
| Código do idioma do texto/trilha sonora ou título diferente |
(Pt) |
| 072 ## - CÓDIGO DE CATEGORIA DE ASSUNTO |
| Código de Categoria de Assunto |
F27; F28 |
| Código do objeto |
1112 |
| -- |
1959 |
| -- |
G514 |
| 090 ## - NÚMERO DE CHAMADA LOCAL |
| Número de chamada |
F27 BR8401875 |
| 100 1# - ENTRADA PRINCIPAL--NOME PESSOAL |
| Nome pessoal |
Salgado, J.S. |
| 111 1# - ENTRADA PRINCIPAL--NOME DO EVENTO |
| Nome do evento ou lugar |
1. Simposio sobre Bananeira Prata |
| Local do evento |
Cariacica, ES (Brazil) |
| Data do evento ou assinatura do tratado |
7-11 Nov 1983 |
| 245 1# - TÍTULO |
| Título |
Manejo e conservacao do solo [Musa acuminata, Kudzu, Pueraria phaseoloides, centrosema, Centrosema pubescens, siratro, Macroptilium atropurpureum, consorciacao de cultura, erosao do solo, Espirito Santo, Brasil] |
| 246 1# - FORMA VARIANTE DO TÍTULO |
| Título/título abreviado |
[Soil management and conservation [Musa acuminata, Kudzu, Pueraria phaseoloides, centrosema, Centrosema pubescens, Macroptilium atropurpureum, intercropping, soil erosion, Espirito Santo, Brazil]] |
| 246 1# - FORMA VARIANTE DO TÍTULO |
| Título/título abreviado |
[Annals of the 1. Symposium on Banana Tree Cultivar "Prata"] |
| 490 ## - TÍTULO DA SÉRIE |
| Título da série |
Documentos - Empresa Capixaba de Pesquisa Agropecuaria (Brazil) |
| Número do volume ou designação sequencial da série |
no. 4 |
| ISSN - International Standard Serial Number |
ISSN 0101-8949 |
| 500 ## - NOTA GERAL |
| Nota geral |
Anais do 1. Simposio sobre Bananeira Prata<br/>Cariacica, ES (Brasil): 1983. p. 90-95<br/>(BR8401875-AMS)<br/> |
| 650 ## - ASSUNTO--TERMO TÓPICO |
| Cabeçalho tópico ou nome geográfico |
BANANA PRATA |
| 650 ## - ASSUNTO--TERMO TÓPICO |
| Cabeçalho tópico ou nome geográfico |
SOLO |
| 650 ## - ASSUNTO--TERMO TÓPICO |
| Cabeçalho tópico ou nome geográfico |
MANEJO |
| 650 ## - ASSUNTO--TERMO TÓPICO |
| Cabeçalho tópico ou nome geográfico |
KUDZU |
| 650 ## - ASSUNTO--TERMO TÓPICO |
| Cabeçalho tópico ou nome geográfico |
CENTROSEMA |
| 650 ## - ASSUNTO--TERMO TÓPICO |
| Cabeçalho tópico ou nome geográfico |
SIRATRO |
| 650 ## - ASSUNTO--TERMO TÓPICO |
| Cabeçalho tópico ou nome geográfico |
LEGUMINOSA FORRAGEIRA |
| 650 ## - ASSUNTO--TERMO TÓPICO |
| Cabeçalho tópico ou nome geográfico |
CONSORCIACAO DE CULTURA |
| 650 ## - ASSUNTO--TERMO TÓPICO |
| Cabeçalho tópico ou nome geográfico |
EROSAO DO SOLO |
| 650 ## - ASSUNTO--TERMO TÓPICO |
| Cabeçalho tópico ou nome geográfico |
CONSERVACAO DO SOLO |
| 650 ## - ASSUNTO--TERMO TÓPICO |
| Cabeçalho tópico ou nome geográfico |
ESPIRITO SANTO |
| 773 0# - ENTRADA ANALÍTICA |
| Título |
Anais do 1. Simposio sobre Bananeira Prata |
| Número de controle do registro |
F27 BR8401875 |
| Partes relacionadas |
Cariacica, ES (Brasil), 1983. p. 90-95 |
| 942 ## - ELEMENTOS DE ENTRADA ADICIONADOS (KOHA) |
| Tipo de material Koha |
Analítica de Monografia Seriada |
| Fonte da classificação ou esquema de arquivamento na estante |
Classificação AGRIS |
| 909 ## - |
| -- |
202506 |
| -- |
Lúcia |
| -- |
55 |
| -- |
Lúcia Elande |